000 01140nam a22003377a 4500
003 CHAP
005 20220329141102.0
008 971013s1997 r 00010 d
010 _a62370
011 _a63342
035 _a67518
040 _cCHAP
082 _a330.3
_bD56 1997
245 _aDiccionario de economía
250 _a2 ed.
260 _aMéxico, D. F. :
_bLimusa,
_c1997
300 _a296 p.
590 _aBATCH-UPD
_b10
_c20130110
_lUCH01
_h0012
590 _aBATCH-UPD
_b10
_c20130110
_lUCH01
_h0648
590 _aBATCH-UPD
_b10
_c20130410
_lUCH01
_h0333
590 _aBATCH-UPD
_b10
_c20130914
_lUCH01
_h1232
590 _aCONVERSION
_b10
_c20130109
_lUCH01
_h1333
650 1 4 _aEconomía
_xDiccionarios.
_935232
700 0 _aMéndez, José Silvestre.
_976609
700 0 _aZorrilla Arena, Santiago.
_9124200
901 _aBK
942 _cLIBRO
949 _a330.3 D56 1997
_bBC
_cC
_d33724000643797
_eC
_fc.2
_gI. c/e
_h92089
_i67518
_sb
_t48.00
949 _a330.3 D56 1997
_bBC
_cC
_d33724000643912
_eC
_gI. c/e
_h92088
_i67518
_si
_t48.00
949 _a330.3 D56 1997
_bBC
_cC
_d33724000974663
_eC
_fc.3
_gI. c/e
_h106063
_i67518
_sb
_t$89.00
999 _c62370
_d62370